Movies Quiz

Random Movies or Year Quiz

50 Flicks to Click (2013) Quiz Stats

 Plays Quiz Updated Jul 27, 2018

Challenge
Share
Tweet
Embed
Score 0/50 Timer 07:00
0 Plays Today
% Correct
Furious
94.3%
Wolf
93.3%
Despicable
92.6%
Years
92.3%
Iron
91.3%
War
89.3%
See
88.8%
Catching
88.4%
Rim
88.4%
American
88%
Gatsby
87%
Dallas
86%
Captain
85.6%
Jack
85.6%
Steel
85.4%
Darkness
85.3%
Millers
84.8%
Oz
83.7%
Hunters
82.7%
Secret
82.1%
Beyond
80.6%
End
79.4%
Saving
78.7%
Desolation
77.4%
Way
77%
% Correct
Dark
72.7%
Book
70.3%
Said
69%
World's
67%
Dead
66.2%
Survivor
65.7%
Warm
65.4%
Side
63.6%
County
63.6%
Gangster
57.9%
Butler
57.6%
Candelabra
56.7%
Bling
56.4%
Midnight
55.9%
Jasmine
55%
About
53.6%
Labor
50.8%
Summer
46.1%
Term
44.9%
Darlings
44.7%
Earth
43.7%
World
40.4%
German
40.1%
Spectacular
35.2%
Great
31%

You're not logged in!

Compare scores with friends on all Sporcle quizzes.
Join for Free
OR
Log In

You Might Also Like...

Show Comments

Extras

Top Quizzes Today


Score Distribution

Your Account Isn't Verified!

In order to create a playlist on Sporcle, you need to verify the email address you used during registration. Go to your Sporcle Settings to finish the process.

Report this User

Report this user for behavior that violates our Community Guidelines.

Details: